000 00452nam a2200181Ia 4500
001 13817
005 20260306164829.0
008 260306t2015||||xx |||||||||||||| ||spa||
041 _aESP
082 _a005.30287
_bF37
100 _aFenton, Norman
_eAUT
245 0 _aSoftware metrics:
_ba rigorous and practical approach
260 _c2015
300 _axx, 595 páginas :
_c24 cm.
650 _aGEN
654 _aCCC
942 _cLIB
_dJUS
_fJUS
_2ddc
_n
999 _c13817
_d13817